Got the 'UMP - Statistics

General Stats
  • This quiz has been taken 11 times
  • The average score is 8 of 15
Answer Stats
Question Answer % Correct
If you're 'HENCH' , you do this to iron! Pump
91%
Cinderellas' turned into a carriage Pumpkin
82%
Louis Armstrong for example Trumpeter
82%
A sweater or pullover, UK traditional term? Jumper
73%
Character in Disneys Bambi Thumper
73%
Another Roger Hargreaves character, blue, white and round Mr Bump
55%
Baffled? Stumped
55%
Nervous Jumpy
45%
Ye olde 'cider' (West England style) Scrumpy
45%
A drop in something, such as revenue, ratings, popularity Slump
45%
Oil change! Sump
45%
A garment that needs ironing Crumpled
36%
Fictional Barrister, created by Sir John Mortimer Rumpole
36%
A Roger Hargreaves creation, blue and kinda square Mr Grumpy
18%
Several Umpteen
18%
No matching quizzes found
Score Distribution
Percent of People with Each Score
Percentile by Number Answered
Your Score History
You have not taken this quiz